000 01052nac a22003617a 4500
001 BR0003180
003 BR-BrBNA
005 20240105122431.0
008 230509b bl.|||m| |||| 00| 0 por d
040 _aBR-BrBNA
_bpor
_cBiblioteca Nacional de Agricultura
072 _aH60
090 _a3876 BR0003180
100 1 _aMelo, I.S. de M.
100 1 _aSilva, C.M.M. de S.
100 1 _aFay, E.F.
100 1 _aMonteiro, R.R.
100 1 _aRosamiglia, A.C.
110 1 _aEMBRAPA Meio Ambiente, Jaguariuna, SP (Brasil)
245 1 _aDegradacao da atrozina por fumgos filamentosos
260 3 _aJaguariuna, SP (Brasil):
_c1999.
300 _a24 p.
490 _aBoletim de Pesquisa - EMBRAPA Meio Ambiente (Brazil)
_vno. 5
_xISSN 1516-4675
500 _aSummaries (En, Pt); 12 ref.
650 _aAtrazina
650 _aHerbicida
650 _aMicrorganismo
650 _aFungo
650 _aEfeito Residual
650 _aSolo
650 _aPoluicao
909 _a202312
_bLúcia Elande
_c55
_dLúcia Elande
942 _2AGRIS
_n0
_cMS
999 _c291008
_d291008